| 000 | 01985nam a2200385 a 4500 | ||
|---|---|---|---|
| 001 | 00003832 | ||
| 003 | DO-SdBNP | ||
| 005 | 20180309083328.0 | ||
| 007 | 00003832 | ||
| 008 | 091118s2014 dr abc 000 0 spa d | ||
| 020 | _a9789945118421 | ||
| 040 |
_aBPMSU _bspa _cBPMSU |
||
| 092 |
_a373.83 _bL166s 4to. 2014 |
||
| 100 | 1 | _aLafontaine, Ana Luisa | |
| 245 | 1 | 0 |
_aSociedad 4 ; República Dominicana hoy: _beducación media / _cAna Luisa Lafontaine, Eric Castro Ricart ; editores Fanny Capellán Almonte , Eric Castro Ricart ; dirección editorial Obdulia García de Escobar y Claudia Llibre. |
| 260 |
_aSanto Domingo : _bSantillana, _c2014. |
||
| 300 |
_a271 p. : _bil., mapas., retrs. ; _c28 cm. |
||
| 490 | 1 | _aInnova | |
| 500 | _aEducación /2do./2do. ciclo/Cuarto de bachillerato | ||
| 505 |
_tBloque 1. _t1. Las luchas por la democracia - 2. El gobierno de Juan Bosch - 3. El golpe de Estado de 1963 - 4. La Guerra de Abril. -- _tBloque 2. _t5. Los doce años - 6. Los gobiernos de 1978-1994 - 7. Gobiernos de 1994 - 2012. _tBloque 3. _t8. División territorial dominicana - 9. La población dominicana - 10. El sector primario - 11. Industria, transporte ycomunicación - 12. Comercio, turismo y otros servicios. _tBloque 4. _t13. El espacio urbano - 14. Reforma y globalización - 15. Desarrollo socioeconómico. |
||
| 650 |
_aCIENCIAS SOCIALES _xEDUCACIÓN SECUNDARIA |
||
| 650 | 4 |
_aCIENCIAS SOCIALES _xESTUDIOS Y EJERCICIOS |
|
| 650 | 4 |
_aCIENCIAS SOCIALES _xLIBROS DE TEXTOS |
|
| 650 | 4 |
_aEDUCACIÓN SECUNDARIA _zREPÚBLICA DOMINICANA |
|
| 650 | 4 |
_aCIENCIAS SOCIALES _xENSEÑANZA SECUNDARIA |
|
| 700 | 1 | 2 | _aCastro Ricart, Eric. |
| 700 | 1 | 2 |
_aCapellán Almonte, Fanny, _eed. |
| 700 | 1 | 2 |
_aGarca Escobar, Obdulia, _eed. |
| 700 | 1 | 2 |
_aLlibre, Claudia, _eed. |
| 830 | 0 | _aInnova | |
| 942 |
_2ddc _cBK |
||
| 945 | _aRemanejado para la BNPHU / 2018 VM | ||
| 956 |
_aLOPEREZ _b10 _c201604007 _lBPMSU _h0041 |
||
| 956 |
_aVMATEO _b10 _c20150708 _lBPMSU _h00151 |
||
| 999 |
_c9610 _d9610 |
||